| 000 | 01482nam a22003614a 4500 | ||
|---|---|---|---|
| 001 | ebr10124816 | ||
| 003 | CaPaEBR | ||
| 006 | m u | ||
| 007 | cr cn||||||||| | ||
| 008 | 060223s2006 dcuab sb 001 0 eng | ||
| 010 | _z 2006041752 | ||
| 020 | _z0821365770 | ||
| 040 |
_aCaPaEBR _cCaPaEBR |
||
| 035 | _a(OCoLC)69403525 | ||
| 043 | _ad------ | ||
| 050 | 1 | 4 |
_aHD7391 _b.T45 2006eb |
| 082 | 0 | 4 |
_a363.5/82 _222 |
| 245 | 0 | 0 |
_aThirty years of World Bank shelter lending _h[electronic resource] : _bwhat have we learned? / _ceditors, Robert M. Buckley and Jerry Kalarickal. |
| 260 |
_aWashington, DC : _bWorld Bank, _cc2006. |
||
| 300 |
_axvii, 117 p. : _bill. (some col.), col. maps. |
||
| 490 | 1 | _aDirections in development | |
| 504 | _aIncludes bibliographical references (p. 101-111) and index. | ||
| 533 |
_aElectronic reproduction. _bPalo Alto, Calif. : _cebrary, _d2013. _nAvailable via World Wide Web. _nAccess may be limited to ebrary affiliated libraries. |
||
| 610 | 2 | 0 |
_aWorld Bank _zDeveloping countries. |
| 650 | 0 |
_aHousing _zDeveloping countries _xFinance. |
|
| 650 | 0 |
_aEconomic assistance _zDeveloping countries. |
|
| 655 | 7 |
_aElectronic books. _2local |
|
| 700 | 1 | _aBuckley, Robert M. | |
| 700 | 1 | _aKalarickal, Jerry. | |
| 710 | 2 | _aebrary, Inc. | |
| 830 | 0 | _aDirections in development (Washington, D.C.) | |
| 856 | 4 | 0 |
_uhttp://site.ebrary.com/lib/rucke/Doc?id=10124816 _zAn electronic book accessible through the World Wide Web; click to view |
| 999 |
_c212329 _d212329 |
||